00944nam a2200217Ia 4500003000900000008004100009040001600050080001600066110003700082111010000119245017800219260005100397300001400448500002600462650001800488650004100506710006500547942000700612999001500619952009200634IN-BaIIA211028s9999 xx 000 0 eng d cIIA Library a063:52bIAU aInternational Astronomical Union aInternational Astronomical Union General Assemblyn12thcGermanyd1964 Aug. 25 - Sept. 3912726 0aAgenda and draft reportsbproceedings of the 12th General Assembly, Germany, August 25 - September 3, 1964cInternational Astronomical Union  aFrancebInternational Astronomical Unionc1964 alx, 695p. aDonated by Mrs. Bappu aAstronomy980 aAstronomy and Astrophysics Thesaurus aInternational Astronomical Union  cBK c7451d7451 00104070aBANbBANcGENd1983-07-11l0o063:52/ IAUp8261r2021-11-05w1983-07-11yBK